• 首页
  • 本馆介绍
  • 公告通知
  • 最新文献
  • 馆藏检索
  • 电子资源
  • 读者导购
  • 参考咨询
  • 我的图书馆
  • 登录
  • 详细信息显示
  • 放入我的书架
  • 预约/预借图书
  • 作者相关作品
  • 分类相关作品
  • 丛书相关作品
  • 出版社相关作品

书目信息

  • 表格格式
  • 工作单格式
  • 卡片格式
题名:
创业公共政策研究
    
 
作者: 胡希 著
分册:  
出版信息: 北京   经济科学出版社  2010.06
页数: 188页
开本: 21cm
丛书名: 暨南大学产业经济研究院博士文库
单 册:
中图分类: D601
科图分类:
主题词: 政策学--研究--中国 , 政策学
电子资源:
ISBN: 978-7-5058-9203-3
000 01242oam2 2200289 450
001 010020005345
005 20120628154020.35
010    @a978-7-5058-9203-3@dCNY16.00
100    @a20100819d2010 em y0chiy0110 ea
101 0  @achi@deng
102    @aCN@b110000
105    @aak z 000yy
106    @ar
200 1  @a创业公共政策研究@9chuang ye gong gong zheng ce yan jiu@e基于激励创业者进入的视角@dStudy on entrepreneurship public policy@ebased on the incentive to entrepreneurial entry@f胡希著@zeng
210    @a北京@c经济科学出版社@d2010.06
215    @a188页@c图@d21cm
225 2  @a暨南大学产业经济研究院博士文库
330    @a本书内容包括:绪论;文献综述;激励进人政策的理论研究;我国激励创业者进入政策之实践;我国激励创业者进入政策效应的实证研究;我国激励政策的改进建议等。
461  0 @12001 @a暨南大学产业经济研究院博士文库@1701 0@a朱卫平@4主编
510 1  @aStudy on entrepreneurship public policy@ebased on the incentive to entrepreneurial entry@zeng
517 1  @a基于激励创业者进入的视角@9ji yu ji li chuang ye zhe jin ru de shi jiao
606 0  @a政策学@x研究@y中国
606 0  @a政策学
690    @aD601@v4
701  0 @a胡希@9hu xi@f(1978~)@4著
801  0 @aCN@bRENTIAN@c20100819
905    @b541825-28@dD601@e107@f4
    
    创业公共政策研究:基于激励创业者进入的视角=Study on entrepreneurship public policy:based on the incentive to entrepreneurial entry/胡希著.-北京:经济科学出版社,2010.06
    188页:图;21cm.-(暨南大学产业经济研究院博士文库)
    
    
    ISBN 978-7-5058-9203-3:CNY16.00
    本书内容包括:绪论;文献综述;激励进人政策的理论研究;我国激励创业者进入政策之实践;我国激励创业者进入政策效应的实证研究;我国激励政策的改进建议等。
●
相关链接 在E读中查询图书 在五车中查询图书 在当当中查询图书 在豆瓣中查询图书


正题名:创业公共政策研究     索取号:D601/107         预约/预借

序号 登录号 条形码 馆藏地/架位号 状态 备注
1 541825   205418252   第一样本阅览室/ [索取号:D601/107] 在馆    
2 541826   205418261   第一借阅区/ [索取号:D601/107] 在馆    
3 541827   205418270   密集书库-海洋学院/ [索取号:D601/107] 在馆    
4 541828   205418289   第一借阅区/ [索取号:D601/107] 在馆    
唐山师范学院图书馆 欢迎您!
大连网信软件有限公司© 版权所有